00421nam a22001691 450000100070000000500170000700800410002401000170006504000220008204100080010408000160011208200160012810000070014410100080015124500640015950400280022327775820180307091917.0850708s1961 nyuac b 000 0 eng  a 60053128  aDLC/ICUcICUdDLC aeng a612.313 ALE00a612.313 ALE1 a11 aBIO14aThe physiological regulation of salivary secretions in man; aBibliography: p. 83-86.